|
|
|
|
| LEADER |
00000nas a2200000 a 4500 |
| 001 |
ssj0000866249 |
| 003 |
WaSeSS |
| 005 |
20200512172242.0 |
| 006 |
m d |
| 007 |
cr n |
| 008 |
130409c20119999ve u| p|s|||||| |0spa d |
| 035 |
|
|
|a (WaSeSS)ssj0000866249
|
| 040 |
|
|
|a WaSeSS
|c WaSeSS
|d WaSeSS
|
| 041 |
|
|
|a spa
|a eng
|
| 050 |
|
4 |
|a RC692
|
| 245 |
0 |
0 |
|a Atherosclerosis today
|h [electronic resource].
|
| 260 |
|
|
|a Caracas, Venezuela :
|b Sociedad Latinoamericana de Hipertension
|
| 362 |
1 |
|
|a Began with Volumen I, No 1 (Año 2011).
|
| 506 |
|
|
|a License restrictions may limit access.
|
| 546 |
|
|
|a In Spanish and English.
|
| 588 |
|
|
|a Description based on: Volumen I, No 1 (Año 2011); title from article PDF (ProQuest, viewed April 08, 2013).
|
| 588 |
|
|
|a Latest issue consulted: Volumen I, No 1 (Año 2011) (viewed April 08, 2013).
|
| 650 |
|
0 |
|a Atherosclerosis
|v Periodicals.
|
| 650 |
|
0 |
|a Cardiovascular system
|x Diseases
|v Periodicals.
|
| 655 |
|
0 |
|a Electronic journals.
|
| 710 |
2 |
|
|a Sociedad Latinoamericana de Hipertension.
|
| 776 |
0 |
8 |
|i Print version:
|t Atherosclerosis today
|x 2244-7253
|
| 856 |
4 |
0 |
|z Full text available from Research Library: 01/01/2011 to 01/31/2011
|u https://search.proquest.com/publication/1216407
|